000 00581nam a2200217 a 4500
999 _c7015
_d7015
001 7015
003 BD-JhCC
005 20180204100233.0
008 180204s1968 e |||| || | 001 0 eng d
035 _a(BD-JhCC)7015
040 _aBD-JhCC
_dBD-JhCC
041 _aeng
082 _a658.3
_bCUM 1968
100 _aCuming, Maurice W.
245 _aThe Theory and Practice of Personnel Management /
_c Maurice W. Cuming,
260 _aLondon :
_bWilliam Heinemann Ltd,
_c1968
300 _a325 p. :
_c24 cm.
650 _aPersonnel Mangement
942 _2ddc
_cBK